Países por una sola Pista #16 - Estadísticas

Estadísticas generales
  • Esta prueba ha sido intentada 78 veces
  • La puntuación promedio es 9 de 20
Estadísticas de respuestas
Pista País % Correcto
Conocido como el «País del Sol Naciente». Japón
94%
Situada a unos 60 km al sur de Sicilia Malta
82%
Conectado a Suecia por un puente Dinamarca
81%
Dónde vivió Eva Perón Argentina
79%
Cracovia, Breslavia y Lodz Polonia
66%
El lago más grande de este país centroamericano tiene tiburones de agua dulce Nicaragua
63%
Los maoríes eran sus habitantes originales Nueva Zelanda
63%
Es el único país africano hispanohablante Guinea Ecuatorial
60%
Conocido en su lengua nacional como Österreich Austria
59%
Nación insular situada al noroeste de Madagascar Comoras
57%
El tercer país más pequeño de Asia (después de Maldivas y Singapur) Baréin
46%
Su capital, Brazzaville, está al otro lado del río, frente a Kinshasa. República del Congo
43%
El país más oriental de la UE Chipre
38%
País de Asia Central llamado «El cementerio de los imperios» Afganistán
35%
Luchó en una guerra en 1864 contra tres países en la que murió el 90% de la población masculina adulta Paraguay
18%
Su tercera ciudad en importancia, Samarcanda, fue conquistada por Alejandro Magno y Gengis Kan. Uzbekistán
13%
Es miembro de la Mancomunidad de Naciones, pero tiene su propio monarca (Tupou VI) Tonga
10%
El último país que tuvo un zar (1946) Bulgaria
6%
El país ha sufrido golpes de Estado en 1966, 1980, 1982, 1983, 1987 y dos veces en 2022. Burkina Faso
3%
De dónde vienen los tambores metálicos, la música calipso y el limbo Trinidad y Tobago
1%
No se encontraron pruebas coincidentes
Distribución de puntuación
Porcentaje de gente con cada puntuación
Porcentaje por número respondido
Historial de tus puntuaciones
No has intentado esta prueba.